The Walking Dead Season 1 Ultimate Fan Quiz - Statistics

General Stats
  • This quiz has been taken 1,895 times
    1,871 since last reset
  • The average score is 11 of 15
Answer Stats
Question Answer % Correct
Who sticks a gun in Rick's face after he is saved? Andrea
94%
Who kills Amy when she turns? Andrea
94%
Who is the first person Rick meets after entering Atlanta? Glenn
94%
When they arrive at camp who does Rick embrace FIRST? Carl
93%
How many people stay behind at the CDC when it explodes? Two
91%
What type of transportation does Rick use when his car runs out of gas? A Horse
85%
Who kills the walker eating the deer? Daryl
85%
Who is the first one to be bitten during the attack on the camp? Ed
75%
Where does Rick plan to go after the attack on the camp? CDC
74%
As a result of the doors being locked what does Rick use in order to escape? A Grenade
70%
Who walks down the street covered in walker guts to get to a delivery truck? Glenn and Rick
70%
What is the name of the scientist they meet at the CDC? Edwin Jenner
63%
What kind of gun does Rick give Morgan when they part ways? Rifle
46%
What was the name of the undead deputy that Rick shot outside of the police station in season 1? Leon Bassett
16%
What does Rick yell to the camera outside of the CDC? "You're killing us!"
13%
No matching quizzes found
Score Distribution
Percent of People with Each Score
Percentile by Number Answered
Your Score History
You have not taken this quiz since the last reset